Acht vierstimmige Ricercare für Blockflötenquartett oder andere Instrumente /

Hlavní autor: Palestrina, Giovanni Pierluigi da, 1525-1594
Další autoři: Rubardt, Paul, 1892-1971
Jazyk: Nelze použít, není lingvistický obsah
Vydáno: Leipzig : Hofmeister, 1959
Fyzický popis: 1 partitura (20 s.) + 4 hlasy (6, 6, 5, 5 s.)
Hudebniny Hudebniny
Uloženo v:
LEADER 00858ncm a22002052a 4500
001 000175127
003 CZ BrMZK
005 20130924134221.0
008 960101s1959 gw f zxx d
040 |a BOA001  |b cze 
072 7 |a 788  |x Hudba pro dechové nástroje  |2 Konspekt  |9 9 
100 1 |a Palestrina, Giovanni Pierluigi da,  |d 1525-1594  |7 jn20000604332  |4 cmp 
245 1 0 |a Acht vierstimmige Ricercare  |h [hudebnina] :  |b für Blockflötenquartett oder andere Instrumente /  |c Giovanni Pierluigi da Palestrina ; eingerichtet von Paul Rubardt 
260 |a Leipzig :  |b Hofmeister,  |c 1959 
300 |a 1 partitura (20 s.) + 4 hlasy (6, 6, 5, 5 s.) 
700 1 |a Rubardt, Paul,  |d 1892-1971  |7 xx0163037  |4 edt 
910 |a BOA001  |b Mus4-0455.983 
990 |a MU 
991 |b 201208 
996 6 |b 2619933705  |c Mus4-0455.983  |l MZK  |r Sklad / do 1 hodiny  |n 4  |w 000175127  |u 000010  |a 1  |e BOA001  |j MZK50  |s P